PROFESSIONAL COMMUNICATION SKILLS (Record no. 36035)
[ view plain ]
| 000 -LEADER | |
|---|---|
| fixed length control field | 00391nam a22001577a 4500 |
| 003 - CONTROL NUMBER IDENTIFIER | |
| control field | OSt |
| 005 - DATE AND TIME OF LATEST TRANSACTION | |
| control field | 20240322111147.0 |
| 008 - FIXED-LENGTH DATA ELEMENTS--GENERAL INFORMATION | |
| fixed length control field | 170801b xxu||||| |||| 00| 0 eng d |
| 020 ## - INTERNATIONAL STANDARD BOOK NUMBER | |
| International Standard Book Number | 9788121920926 |
| 040 ## - CATALOGING SOURCE | |
| Transcribing agency | SEROSOFT |
| 100 ## - MAIN ENTRY--PERSONAL NAME | |
| Personal name | BHATIA,PRAVIN S.R, SHEIKH |
| 245 ## - TITLE STATEMENT | |
| Title | PROFESSIONAL COMMUNICATION SKILLS |
| 260 ## - PUBLICATION, DISTRIBUTION, ETC. | |
| Place of publication, distribution, etc. | DELHI |
| Name of publisher, distributor, etc. | S.CHAND |
| Date of publication, distribution, etc. | 2003 |
| 300 ## - PHYSICAL DESCRIPTION | |
| Extent | 249 |
| 942 ## - ADDED ENTRY ELEMENTS (KOHA) | |
| Source of classification or shelving scheme | |
| Koha item type | General Book |
| Edition | 3RD |
| Withdrawn status | Lost status | Source of classification or shelving scheme | Damaged status | Not for loan | Home library | Current library | Date acquired | Source of acquisition | Coded location qualifier | Cost, normal purchase price | Total Checkouts | Full call number | Barcode | Date last seen | Price effective from | Koha item type | Date last checked out |
|---|---|---|---|---|---|---|---|---|---|---|---|---|---|---|---|---|---|
| IIMT University Central Library Meerut | IIMT University Central Library Meerut | 08/01/2017 | 127 ENGG LIBRARY | APPLIED SC | 85.00 | 302.2 BHA | 01-B-122238 | 08/01/2017 | 08/01/2017 | Book Bank | |||||||
| IIMT University Central Library Meerut | IIMT University Central Library Meerut | 08/01/2017 | 127 ENGG LIBRARY | APPLIED SC | 85.00 | 1 | 302.2 BHA | 01-B-122239 | 09/30/2024 | 08/01/2017 | Book Bank | 09/19/2024 | |||||
| IIMT University Central Library Meerut | IIMT University Central Library Meerut | 08/01/2017 | 127 ENGG LIBRARY | APPLIED SC | 85.00 | 302.2 BHA | 01-B-122240 | 08/01/2017 | 08/01/2017 | Book Bank |

